00240 a2200121 4500001000700000020000600007040001100013100002800024240002700052245002200079362000900101440000800110173929 a  cMagnum aBrandao, Maria do Carmo10aO pintinho choraolpor10aO pintinho chorao0 a1899 1aRHJ